000
00340nam a22001457a 4500
008
231012b ||||| |||| 00| 0 eng d
020
_a
9780521259798
041
_a
eng
080
_a
101
082
_a
101RIV
100
_a
19
101
_a
ASTRO
245
_a
PATH INTEGRAL METHODS IN QUANTUM FIELD THEORY
_c
RIVERS.J.R
942
_2
udc
_c
BK
999
_c
60436
_d
60436